| 000 | 00480nam a2200181Ia 4500 | ||
|---|---|---|---|
| 005 | 20250603145448.0 | ||
| 008 | 250603s9999 xx 000 0 und d | ||
| 020 | _a9780205119745 | ||
| 050 | _aJA 71 .K67/ | ||
| 100 | _aKorab-Karpowicz, W. Julian. | ||
| 245 | 0 | _aOn the history of political philosophy : great political thinkers from Thucydides to Locke | |
| 260 | _aBoston | ||
| 260 | _b Pearson | ||
| 260 | _c2012 | ||
| 300 | _a242 p | ||
| 650 | _aBoston | ||
| 942 | _cBK | ||
| 999 |
_c41927 _d41927 |
||